| 000 | 00633nam a2200181Ia 4500 | ||
|---|---|---|---|
| 008 | 151018s9999 xx 000 0 und d | ||
| 082 |
_bRBASDV59585 _a891.463 |
||
| 100 | _aगोविंद केळकर | ||
| 245 | _aप्रीत फुले चांदण्यात | ||
| 250 | _b1 | ||
| 260 |
_bमित्रसमाज _c2012 |
||
| 300 | _a200 | ||
| 600 | _aगोविंद केळकर | ||
| 630 | _aप्रीत फुले चांदण्यात | ||
| 700 | _aगोविंद केळकर | ||
| 730 | _aप्रीत फुले चांदण्यात | ||
| 942 | _cBOOK | ||
| 999 |
_c1053444 _d1053441 |
||